000 00681nam a22002292 4500
001 0000004727
005 20151217154350.0
008 070528s xx 000 0 eng d
020 _a0878930933 :
_cKES 5,920
040 _aKABU
_cKABU
050 0 _aQL362
_b.B78 2003
100 1 _aBrusca, Richard C.
_@0000155464
245 1 0 _aInvertebrates /
_cRichard C. Brusca, Gary J. Brusca.
250 _a2nd ed.
260 _aSunderland, Mass :
_bSinauer Associates,
_c2003.
300 _axix, 936 p.
650 0 _aInvertebrates.
_@0000155465
700 1 _aBrusca, Gary J.
_@0000155466
908 _a070528
950 _@1
999 _c10797
_d10797